| 000 | 00361nam a22001577a 4500 | ||
|---|---|---|---|
| 003 | SGT | ||
| 020 | _a9789380901183 | ||
| 082 | _a330,JAI | ||
| 100 | _aJAIN,T.R | ||
| 245 | _aBUSINESS ECONOMICS SEMESTER I AND II | ||
| 250 | _a1ST | ||
| 260 |
_aNEW DELHI _bGLOBAL PUBLICATION _c2016 |
||
| 300 | _a220 | ||
| 650 | _aBUSINESS COMMUNICATION | ||
| 942 |
_2ddc _cBK _097 |
||
| 999 |
_c9984 _d9984 |
||